Score 0/14 Timer 01:30
5 Plays Today
% Correct
Albert Einstein
90.6%
Charles Darwin
89.6%
Louis Pasteur
80.7%
Marie Curie
75.5%
Leonardo da Vinci
74.8%
Archimedes
73.3%
Isaac Newton
73%
% Correct
Thomas Edison
69.7%
Galileo Galilei
69.6%
Johannes Kepler
69.4%
Alexander Graham Bell
68.5%
Alfred Nobel
66.4%
Alessandro Volta
66.2%
Ernest Rutherford
59.5%

Today's Daily Dose

Remove Ads.
Support Sporcle.
Get the best of Sporcle when you Go Orange. This ad-free experience offers more features, more stats, and more fun while also helping to support Sporcle. Thank you for becoming a member.

You're not logged in!

Compare scores with friends on all Sporcle quizzes.
OR
Log In

Show Comments

Extras

Top Quizzes Today


Score Distribution

Your Account Isn't Verified!

In order to create a playlist on Sporcle, you need to verify the email address you used during registration. Go to your Sporcle Settings to finish the process.

Report this User

Report this user for behavior that violates our Community Guidelines.

Details: